Parasites and parasitic diseases in dog found in phnom penh city, ប៉ារ៉ាស៊ីតនិងជំងឺបង្កឡើងដោយប៉ារ៉ាស៊ីតចំពោះឆ្កែជួបប្រទះនៅភរាជធានីភ្នំពេញ (Record no. 1678)

000 -LEADER
fixed length control field 00644nam a22001577a 4500
003 - CONTROL NUMBER IDENTIFIER
control field OSt
005 - DATE AND TIME OF LATEST TRANSACTION
control field 20151002145056.0
008 - FIXED-LENGTH DATA ELEMENTS--GENERAL INFORMATION
fixed length control field 151002b xxu||||| |||| 00| 0 eng d
040 ## - CATALOGING SOURCE
Transcribing agency RUA
082 ## - DEWEY DECIMAL CLASSIFICATION NUMBER
Classification number AVM CHE 1995 B068 Or.1
100 ## - MAIN ENTRY--PERSONAL NAME
9 (RLIN) 1776
Personal name CHEA, BOROMMALINY.
245 ## - TITLE STATEMENT
Title Parasites and parasitic diseases in dog found in phnom penh city, ប៉ារ៉ាស៊ីតនិងជំងឺបង្កឡើងដោយប៉ារ៉ាស៊ីតចំពោះឆ្កែជួបប្រទះនៅភរាជធានីភ្នំពេញ
260 ## - PUBLICATION, DISTRIBUTION, ETC. (IMPRINT)
Place of publication, distribution, etc. Phnom Penh
Name of publisher, distributor, etc. RUA
Date of publication, distribution, etc. 1995
300 ## - PHYSICAL DESCRIPTION
Extent 40p.
Other physical details ill.
Dimensions 29cm.
942 ## - ADDED ENTRY ELEMENTS (KOHA)
Source of classification or shelving scheme
Koha item type AVM
Holdings
Price effective from Date last seen Permanent Location Not for loan Date acquired Source of classification or shelving scheme Koha item type Lost status Withdrawn status Date last checked out Total Checkouts Shelving location Damaged status Barcode Current Location Full call number
2015-10-022024-01-19Library Block B 2015-10-02 AVM  2024-01-102B068 RUA007523Library Block BAVM CHE 1995 B068 Or.1
មជ្ឈមណ្ឌលឯការនៃសាកលវិទ្យាល័យភូមិន្ទកសិកម្មចំការដូង

Powered by Koha